000 00551nam a2200205 4500
999 _c3276
_d3276
003 OSt
005 20211029073721.0
008 211029b ||||| |||| 00| 0 eng d
020 _a9966442049
040 _cAlupe University
050 _aHF5630
_b.N96 1985
100 _a Nzomo, N. D.
245 _aAdvanced financial accounting/
_cN. D. Nzomo
250 _arev. edition
260 _a Nairobi
_bKenya Literature Bureau
_c1985
300 _axx, 683p. ;
_bill.
_c16 cm
500 _aIncludes Index
650 _aCommerce
942 _2lcc
_cBK
_nSO